LEADER 01571nam a2200349 a 4500 001 000000121085 003 CaOOAMICUS 005 20110118125551.0 008 100408t2010 it u000 u ita r 020 $a978-88-6132-469-5 040 $aPUL$bita$dReb 082 $a348.45 110 1 $aItalia.$0(OLS)http://pul/name/1188 240 10$aCodice penale (2010).$0(OLS)http://pul/title/152276 245 10$aCodice penale e leggi complementari /$ca cura di Luigi Alibrandi. 250 $a20. ed. 260 $aPiacenza :$bLa Tribuna,$c©2010. 300 $a926 p. ;$c19 cm 490 1 $aCodici vigenti 2010 500 $aSulla coperta: Aggiornato con la normativa pubblicata sulla Gazzetta Ufficiale n. 279 del 30/11/2009. 500 $aTesto su due colonne. 630 04$aCodice penale$zItalia.$0(OLS)http://pul/subject/12325 700 1 $aAlibrandi, Luigi.$0(OLS)http://pul/name/45474 710 1 $aItalia.$tCodice penale.$0(OLS)http://pul/nameTitle/603$0(OLS)http://pul/name/1188$0(OLS)http://pul/title/135644 830 0$aCodici vigenti 2010.$0(OLS)http://pul/title/152271 850 $aPUL 852 $aPUL$W1$xDP2 Diritto e Scienze Sociali 3$y110$m348. 45 BCOLL 2.62$j138834$qDDC 21$B138074$CPULBib$Z2$F138074 $H112601 $82 941 1 $a9 996 $6020$a978-88-6132-469-5$9(OLS)http://pul/number/143765 996 $6082$a348.45$9(OLS)http://pul/classification/373 996 $6245$aCodice penale e leggi complementari$9(OLS)http://pul/title/145633 996 $6260$aPiacenza :$bLa Tribuna$9(OLS)http://pul/publisher/69734 LEADER 01099nam a2200241 u 4500 001 000000067110 003 CaOOAMICUS 005 20070226121641.0 008 020201s1885 hu u000 u lat u 035 $a10918991 040 $aPUL(R)$bita 100 1 $aPázmány, Péter,$ccard.,$d1570-1637.$0(OLS)http://pul/name/44867 245 10$aAnecdotorum Patri cardinali Pázmány specimina duo /$ce codd. ss. excerpta recensuit et praefatus est Adalabertus Breznay .. 260 $aBudapestini :$btypis Regiae Scientiarum universitati,$c1885. 300 $a57 p. ;$c25 cm 504 $aBibliografia in nota. 650 4$aIncarnazione.$0(OLS)http://pul/subject/4447 700 1 $aBreznay, A.$0(OLS)http://pul/name/44868 850 $aPUL 852 $aPUL$W1$xDP1 Antico 800$y27$m65 D 7$j86789$nBK-PRI$b $qStampati Antico$B86789$CPULBib$Z2$F86789 $H $81 941 1 $a15 996 $6245$aAnecdotorum Patri cardinali Pázmány specimina duo$9(OLS)http://pul/title/89026 996 $6260$aBudapestini :$btypis Regiae Scientiarum universitati$9(OLS)http://pul/publisher/71573